000 00288nam a22001217a 4500
008 170818b xxu||||| |||| 00| 0 eng d
041 _aeng
080 _a51
100 _a51
101 _aMAT
245 _aCOLLEGE ALGEBRA THE THEORY OF EQUATIONS
_cALTHOEN.S.C
942 _2udc
_cBK
999 _c24155
_d24155